000 00519nam a2200169 i 4500
001 64612
003 ES-MaACL
005 20230906165153.0
007 t|
008 031230s1970 sp ||||1| spa d
100 1 _aForcelledo, María E.
_951689
245 1 3 _aEl kindergarten como parte de la escuela elemental /
_cMaría E. Forcelledo de Rodríguez.
250 _a2ª ed., rev.
260 _aPuerto Rico :
_bUniversidad de Puerto Rico,
_c1970.
300 _a152 p. ;
_c24 cm.
852 _aES-MaACL
_jC-44094
_bR.74226
999 _c64612
_d64612